<?xml version="1.0" encoding="UTF-8"?>
<record
    xmlns:xsi="http://www.w3.org/2001/XMLSchema-instance"
    xsi:schemaLocation="http://www.loc.gov/MARC21/slim http://www.loc.gov/standards/marcxml/schema/MARC21slim.xsd"
    xmlns="http://www.loc.gov/MARC21/slim">

  <leader>02193nam a22001937a 4500</leader>
  <controlfield tag="003">OSt</controlfield>
  <controlfield tag="005">20251210170019.0</controlfield>
  <controlfield tag="008">251210b        |||||||| |||| 00| 0 spa d</controlfield>
  <datafield tag="020" ind1=" " ind2=" ">
    <subfield code="a">9789978103968</subfield>
  </datafield>
  <datafield tag="100" ind1=" " ind2=" ">
    <subfield code="a">Patricio Guerrero ; Marco Rubio ; Diego Velasco ; Cesar Lutuala ; Germania Anguieta ; Salom&#xF3;n Acosta ; Jos&#xE9; Chala ; Jos&#xE9; Juncosa ; Fernando Rosero ; Gabriela L&#xF3;pez ; Isabel Rohn ; Victoria Zambonino ; Mar&#xED;a Gabriela Guevara ; Elo&#xED;sa Crbonell ; Mario Ojeda ; Ra&#xFA;l Pe&#xF1;afiel ; Victoria Rodr&#xED;guez ; Juan Ubilla ; Freddy Simba&#xF1;a ; Mar&#xED;a Fernanda Tanai ; Iris Pico</subfield>
  </datafield>
  <datafield tag="245" ind1=" " ind2=" ">
    <subfield code="a">Patrimonio inmaterial en el Ecuador</subfield>
  </datafield>
  <datafield tag="250" ind1=" " ind2=" ">
    <subfield code="a">1ra Edici&#xF3;n </subfield>
  </datafield>
  <datafield tag="260" ind1=" " ind2=" ">
    <subfield code="a">Quito -  Ecuador</subfield>
    <subfield code="b"> Universidad Polit&#xE9;cnica Salesiana ; Abya-Yala,</subfield>
    <subfield code="c"> 2020</subfield>
  </datafield>
  <datafield tag="300" ind1=" " ind2=" ">
    <subfield code="a">243 p&#xE1;ginas</subfield>
    <subfield code="b">ablas</subfield>
    <subfield code="c">21 cm</subfield>
  </datafield>
  <datafield tag="520" ind1=" " ind2=" ">
    <subfield code="a">Las tradiciones, en contextos de fragilidades geopol&#xED;ticas, se han visto afectadas por pr&#xE1;cticas oculturizantes. Estas, unidas al consumismo y al mercantilismo, pasan, de manera silenciosa, a la trastienda del imperio monocultural. Con la Declaratoria del Patrimonio Inmaterial realizada en la convenci&#xF3;n de Par&#xED;s, en 2003, y ratificada por Ecuador en 2005, se crea una mayor conciencia sobre la importancia de salvaguardar la memoria social y patrimonio colectivo de los pueblos. El presente texto documenta la participaci&#xF3;n ciudadana en esa tarea de cuidar los saberes y pr&#xE1;cticas que son parte de la vida cotidiana de las comunidades, ciudades, pueblos y colectivos; por tanto, parte del patrimonio inmaterial y legado cultural para las presentes y futuras generaciones. Desde la academia, con actores de pueblos, docentes y funcionarios p&#xFA;blicos, este libro reflexiona sobre el tema. Frente al inexistente di&#xE1;logo y pese a la poca documentaci&#xF3;n existente, este di&#xE1;logo se convierte en una antesala para la concreaci&#xF3;n de la Ley Org&#xE1;nica de Cultura con r&#xE9;gimen especial para el patrimonio cultural inmaterial en el Ecuador (2016) y su reglamento (2017). Con esto, la pol&#xED;tica p&#xFA;blica habilita la gesti&#xF3;n responsable en torno al cuidado del patrimonio inmaterial en el pa&#xED;s.</subfield>
  </datafield>
  <datafield tag="650" ind1=" " ind2=" ">
    <subfield code="a">ANTROPOLOGIA CULTURAL</subfield>
  </datafield>
  <datafield tag="650" ind1=" " ind2=" ">
    <subfield code="a">POLITICAS PUBLICAS</subfield>
  </datafield>
  <datafield tag="942" ind1=" " ind2=" ">
    <subfield code="2">ddc</subfield>
    <subfield code="c">BKA</subfield>
    <subfield code="n">0</subfield>
  </datafield>
  <datafield tag="952" ind1=" " ind2=" ">
    <subfield code="0">0</subfield>
    <subfield code="1">0</subfield>
    <subfield code="2">ddc</subfield>
    <subfield code="4">0</subfield>
    <subfield code="7">0</subfield>
    <subfield code="8">F02</subfield>
    <subfield code="a">ISUS</subfield>
    <subfield code="b">ISUS</subfield>
    <subfield code="c">Biblioteca Abierta</subfield>
    <subfield code="d">2025-12-10</subfield>
    <subfield code="i">0446</subfield>
    <subfield code="l">0</subfield>
    <subfield code="o">Patrimonio inmaterial en el Ecuador</subfield>
    <subfield code="p">BIBLIO0446</subfield>
    <subfield code="r">2025-12-10 17:03:24</subfield>
    <subfield code="t">1</subfield>
    <subfield code="w">2025-12-10</subfield>
    <subfield code="y">BKA</subfield>
  </datafield>
  <datafield tag="999" ind1=" " ind2=" ">
    <subfield code="c">2016</subfield>
    <subfield code="d">2016</subfield>
  </datafield>
</record>
